| 000 | 00665nam a22002177a 4500 | ||
|---|---|---|---|
| 999 |
_c7533 _d7533 |
||
| 003 | OSt | ||
| 005 | 20211125103613.0 | ||
| 008 | 211125b ||||| |||| 00| 0 eng d | ||
| 020 | _a9780199564293 | ||
| 040 | _cDDC | ||
| 082 | _a346.066 .DIG 2011 | ||
| 100 |
_aDignam, Alan _915419 |
||
| 245 | _aHicks and Goo's cases and Materials on Company law | ||
| 250 | _a7th ed. | ||
| 260 |
_a Oxford : _bOxford University Press, [2016] _c©2011 |
||
| 300 |
_a xlix, 660 pages ; 25 cm _c25 cm |
||
| 504 | _aIncludes bibliographical references and index | ||
| 650 |
_aCorporation law -- England _915420 |
||
| 650 |
_aCorporation law -- Wales _915421 |
||
| 942 |
_2ddc _cBOOK |
||